| 000 | 00949nab a2200277 4500 | ||
|---|---|---|---|
| 003 | BR-BrBNA | ||
| 005 | 20240815095222.0 | ||
| 008 | 240811b bl.||||| |||| 00| 0 por d | ||
| 040 |
_aBR-BrBNA _bpor |
||
| 072 |
_aF01 ; E14 ; E70 _b3300 |
||
| 100 | _aPortz, Neca | ||
| 245 |
_aPrograma flores da Bahia vai estimular expansão da floricultura _bFloricultura |
||
| 500 | _a2 illus. | ||
| 650 | _aPROJETO DE DESENVOLVIMENTO | ||
| 650 | _aFLORICULTURA | ||
| 650 | _aPLANTA ORNAMENTAL | ||
| 650 | _aFLOR TROPICAL | ||
| 650 | _aASSOCIAÇÃO RURAL | ||
| 650 | _aCAPACITAÇÃO | ||
| 650 | _aASSISTÊNCIA TÉCNICA | ||
| 650 | _aCOMERCIALIZAÇÃO | ||
| 650 | _aBAHIA | ||
| 773 | 0 |
_04604 _9317181 _dPalmas - Tocantins Terranova Gráfica e Editora Jornalística Ltda 2005 _o2024-3805 _tCerrado Rural Agronegócios (Brazil) _x1980-2595 _gv. 3(10) p. 26-27; (Sep 2005) _wBR2024002414 |
|
| 942 | _cAnalítica | ||
| 999 |
_c300829 _d300829 |
||